000 00219nam a2200097Ia 4500
005 20251222114348.0
008 251222s1900||||xx |||||||||||||| ||spa||
082 _aDVD0090/D78
245 0 _aEl diario del "Che"
942 _cDVD
999 _c1127
_d1127